| 000 | 01386nam a2200217 4500 | ||
|---|---|---|---|
| 003 | DO-SdBNP | ||
| 005 | 20220811123042.0 | ||
| 008 | 210517b ||||| |||| 00| 0 eng d | ||
| 040 | 4 |
_aDO-SdBNP _bspa _cBNPHU |
|
| 082 | 4 |
_a922.2 _bP762b _222 |
|
| 100 | 1 |
_aPalomo Iglesias O.P. , P. Crescencio _978701 |
|
| 245 | 0 | 1 |
_aBiografía de la sierva de Dios María de las Mercedes Cabeza Terrero : _bfundadora de las operarias misioneras del Sagrado Corazón de Jesús / _cP. Crescencio Palomo Iglesias O.P., |
| 260 | 2 |
_aSanto Domingo : _bAmigo del Hogar, _c2009. |
|
| 300 |
_a100 p. : _bil. ; _c22 cm |
||
| 505 |
_aPrólogo -- _tLa familia de M. Mercedes -- _tLa juventud -- _tLarga y penosa enfermedad -- _tCuración milagrosa -- _tEl señor la quiere para una cosa nueva, para una fundación -- _tEn las religiosas de María Inmaculada o del servicio doméstico -- _tDe nuevo en el mundo -- _tFundación de las Operarias Misioneras del Sagrado Corazón -- _tExpansión de las Operarias Misioneras del Sagrado Corazón -- _tEl fin de su vida terrena -- _tDespués de la muerte -- _tFuentes -- _tFechas importantes en la vida d María Mercedes. |
||
| 590 | _aInventariado, 2021 /SA | ||
| 600 | 1 | 4 |
_aCabezas Terrero, Maria de las Mercedes _d1911-1993 _981469 |
| 650 | 4 |
_942125 _aMisioneras en el cristianismo _zEspaña _vBiografías |
|
| 910 | _aSA/Validado. Control de calidad MFF | ||
| 942 |
_2ddc _cLBS1 |
||
| 999 |
_c49817 _d49817 |
||